LIBRARY ONLINE CATALOGUE

Najiskia kuua tena / (Record no. 20755)

MARC details
000 -LEADER
fixed length control field 00373nam a22001577a 4500
003 - CONTROL NUMBER IDENTIFIER
control field OSt
005 - DATE AND TIME OF LATEST TRANSACTION
control field 20250618122434.0
008 - FIXED-LENGTH DATA ELEMENTS--GENERAL INFORMATION
fixed length control field 250618b |||||||| |||| 00| 0 eng d
020 ## - INTERNATIONAL STANDARD BOOK NUMBER
International Standard Book Number 9789966561534
040 ## - CATALOGING SOURCE
Original cataloging agency KABU
Transcribing agency KABU
050 ## - LIBRARY OF CONGRESS CALL NUMBER
Classification number PL3704
Item number .M58 1993
100 ## - MAIN ENTRY--PERSONAL NAME
Personal name Mtobwa, Ben R.
245 ## - TITLE STATEMENT
Title Najiskia kuua tena /
Statement of responsibility, etc. Ben R. Mtobwa
300 ## - PHYSICAL DESCRIPTION
Extent 108p.
942 ## - ADDED ENTRY ELEMENTS (KOHA)
Source of classification or shelving scheme Library of Congress Classification
Koha item type General Collection
Holdings
Withdrawn status Lost status Source of classification or shelving scheme Not for loan Home library Current library Shelving location Date acquired Inventory number Total Checkouts Total Renewals Full call number Barcode Date last seen Date last checked out Copy number Price effective from Koha item type
    Library of Congress Classification   Kabarak, Main Campus Kabarak, Main Campus General Stacks 18/06/2025 2025/2168 4 1 PL3704 .M58 1993 C.1 33104 06/11/2025 27/10/2025 C.1 18/06/2025 General Collection